书目信息 |
| 题名: |
教育学
|
|
| 作者: | 王道俊 , 王汉澜 主编 | |
| 分册: | ||
| 出版信息: | 北京 人民教育出版社 1999 |
|
| 页数: | 600页 | |
| 开本: | 20cm | |
| 丛书名: | ||
| 单 册: | ||
| 中图分类: | G40 | |
| 科图分类: | ||
| 主题词: | 教育学 | |
| 电子资源: | ||
| ISBN: | 7-107-07070-3 | |
| 000 | 00624nam0 2200229 450 | |
| 001 | 0840078714 | |
| 005 | 20110401140420.92 | |
| 010 | @a7-107-07070-3@dCNY18.30 | |
| 100 | @a20080119d1999 km y0chiy0120 ea | |
| 101 | 0 | @achi |
| 102 | @aCN@b110000 | |
| 200 | 1 | @a教育学@Ajiao yu xue@f王道俊,王汉澜主编@Fwang dao jun,wang han lan zhu bian |
| 205 | @a新编本 | |
| 210 | @a北京@c人民教育出版社@d1999 | |
| 215 | @a600页@d20cm | |
| 300 | @a高等学校文科教材 | |
| 606 | 0 | @a教育学 |
| 690 | @aG40@v4 | |
| 701 | 0 | @a王道俊@Awang dao jun@4主编 |
| 701 | 0 | @a王汉澜@Awang han lan@4主编 |
| 801 | 0 | @aCN@c20110401 |
| 905 | @dG40@eW140 | |
| 教育学/王道俊,王汉澜主编.-新编本.-北京:人民教育出版社,1999 |
| 600页;20cm |
| 高等学校文科教材 |
| ISBN 7-107-07070-3:CNY18.30 |
| ● |
| 相关链接 |
|
|
|
正题名:教育学
索取号:G40/W140
 
预约/预借
| 序号 | 登录号 | 条形码 | 馆藏地/架位号 | 状态 | 备注 |
| 1 | 464976 | 204649764 | 社科库409/422社科库 49排3列1层/ [索取号:G40/W140] | 在馆 | |
| 2 | 478327 | 204783270 | 社科库409/409社科库 1排2列2层/ [索取号:G40/W140] | 在馆 |